| 000 | 00376nam a2200133Ia 4500 | ||
|---|---|---|---|
| 008 | 211119s9999||||xx |||||||||||||| ||und|| | ||
| 082 |
_a894.8122 _bGEO-K |
||
| 100 | _aGeorge, K G | ||
| 245 | 0 | _aKolangal | |
| 260 |
_bMathrubhumi Books _a2010 _cKottayam |
||
| 300 | _a128p | ||
| 650 |
_aLiterature _vAltaic,Uralic,Hyperborean &DravidianMalayalam _xGeneral Stack |
||
| 942 | _cBOOK | ||
| 999 |
_c113848 _d113848 |
||